Statistics for Almost Bordering Countries

Click here to take the quiz!

General Stats

  • This quiz has been taken 208 times
    (112 since last reset)
  • The average score is 55 of 80

Answer Stats

Country% Correct
Austria/Switzerland
92%
Italy
92%
Russia/China
92%
Austria
90%
France
90%
Germany
90%
Slovenia
89%
Croatia
86%
Liechtenstein
86%
Serbia
85%
Bosnia & Herzegovina
84%
Kosovo
82%
Monaco
82%
North Macedonia
82%
Switzerland
82%
Albania
80%
Hungary
80%
Montenegro
80%
Netherlands
80%
Slovakia
80%
Belgium
79%
China
79%
Luxembourg
79%
Czech Republic
78%
India/Bhutan
78%
Kazakhstan
77%
Pakistan
76%
Romania
76%
Bhutan
75%
Afghanistan
74%
Bulgaria
74%
Nepal
74%
Tajikistan
74%
El Salvador
72%
India
72%
Poland
71%
Uzbekistan
71%
Guatemala
70%
Honduras
70%
Iran
70%
Mongolia
70%
Ukraine
70%
Iraq
69%
Nicaragua
69%
Syria/Israel
69%
Israel
68%
Bangladesh
67%
Jordan
67%
Egypt
66%
Saudi Arabia
66%
Belize
64%
Kuwait
64%
Laos
64%
Lebanon
64%
Syria
63%
Vietnam
63%
Thailand
62%
Botswana
61%
Namibia
60%
Angola
59%
Togo
59%
Zimbabwe
59%
Benin
56%
Guinea
56%
Gambia
54%
Qatar
54%
Senegal
53%
United Arab Emirates
53%
Ghana
52%
Guinea Bissau
52%
Niger
52%
Chad/Nigeria
51%
Malaysia
51%
Indonesia
48%
Brunei
47%
Palestine
46%
Cameroon
45%
Uganda
38%
Burundi
37%
Rwanda
36%

Score Distribution

Percentile by Number Answered

Percent of People with Each Score

Your Score History

You have not taken this quiz since the last reset